Specifier (Record no. 77130)

MARC details
000 -LEADER
fixed length control field 01103cab a2200241 4500
001 - CONTROL NUMBER
control field ##L133643
008 - FIXED-LENGTH DATA ELEMENTS--GENERAL INFORMATION
fixed length control field 060525n2006 000 0 eng u
035 ## - SYSTEM CONTROL NUMBER
System control number (Sirsi) u133643
041 0# - LANGUAGE CODE
Language code of text/sound track or separate title eng
100 1# - MAIN ENTRY--PERSONAL NAME
Personal name Connolly, Joannah
245 00 - TITLE STATEMENT
Title Specifier
Remainder of title retail and leisure
260 ## - PUBLICATION, DISTRIBUTION, ETC.
Date of publication, distribution, etc. 2006
490 #0 - SERIES STATEMENT
Series statement Building
Volume/sequential designation 271(8431) 19 May 2006, 70-78(7)
520 ## - SUMMARY, ETC.
Summary, etc. Looks at how specifiers are using showrooms to show their products performing in a retail or leisure setting. Other articles examine how lights, frames, panels and surfaces can be designed to enhance the shopping experience, and provide a guide to lighting in the retail and leisure sectors. "Specifier costs" considers the advantages and disadvantages of radiators and underfloor heating in changing rooms. With a guide to the main suppliers of sport and leisure building products.
590 ## - LOCAL NOTE (RLIN)
Local note IKA060606
651 #4 - SUBJECT ADDED ENTRY--GEOGRAPHIC NAME
Geographic name United Kingdom
Chronological subdivision
690 ## - LOCAL SUBJECT ADDED ENTRY--TOPICAL TERM (OCLC, RLIN)
Topical term or geographic name as entry element BUILT ENVIRONMENT-BUILDING ELEMENTS
700 1# - ADDED ENTRY--PERSONAL NAME
Personal name Soltani, Sonia
700 1# - ADDED ENTRY--PERSONAL NAME
Personal name Brownrigg, Scott
700 1# - ADDED ENTRY--PERSONAL NAME
Personal name Waterman, Anthony
710 2# - ADDED ENTRY--CORPORATE NAME
Corporate name or jurisdiction name as entry element Barbour Index
9 (RLIN) 2548
942 ## - ADDED ENTRY ELEMENTS (KOHA)
Suppress in OPAC 0
Holdings
Withdrawn status Lost status Source of classification or shelving scheme Damaged status Not for loan Home library Current library Shelving location Date acquired Total Checkouts Full call number Barcode Date last seen Copy number Price effective from Koha item type
    Dewey Decimal Classification     London London Journal article 25/05/2006   L133643 133643-1001 06/08/2019 1 06/08/2019 Journal article